Top 55 Most Conservative countries as of 2026 - Statistics

General Stats
  • This quiz has been taken 35 times
  • The average score is 41 of 55
Answer Stats
Hint Answer % Correct
0.12 Egypt
93%
0.1 Iran
93%
0.1 Libya
93%
0.01 North Korea
93%
0.09 Qatar
93%
0.08 United Arab Emirates
93%
0.04 Yemen
93%
0.06 Chad
89%
0.14 Oman
89%
0.06 Russia
89%
0.05 Saudi Arabia
89%
0.13 Somalia
89%
0.03 Sudan
89%
0.02 Afghanistan
86%
0.04 China
86%
0.12 Democratic Republic of the Congo
86%
0.13 Kuwait
86%
0.15 Mali
82%
0.05 Syria
82%
0.12 Djibouti
79%
<0.01 Eritrea
79%
0.12 Republic of the Congo
79%
0.04 Tajikistan
79%
0.13 Algeria
75%
0.06 Bahrain
75%
0.13 Kazakhstan
75%
0.13 Mauritania
75%
0.01 Myanmar
75%
0.06 South Sudan
75%
0.03 Turkmenistan
75%
0.1 Burkina Faso
71%
0.05 Cambodia
71%
0.1 Central African Republic
71%
0.06 Cuba
71%
0.08 Uzbekistan
71%
0.1 Vietnam
71%
0.12 Bangladesh
68%
0.04 Belarus
68%
0.1 Ethiopia
68%
0.1 Haiti
68%
0.05 Azerbaijan
64%
0.1 Guinea
64%
0.1 Guinea-Bissau
64%
0.09 Rwanda
64%
0.11 Turkey
64%
0.11 Cameroon
61%
0.05 Equatorial Guinea
57%
0.11 Laos
57%
0.13 Comoros
54%
0.04 Venezuela
54%
0.15 Zimbabwe
54%
0.06 Burundi
50%
0.1 Eswatini
50%
0.09 El Salvador
43%
0.02 Nicaragua
39%
No matching quizzes found
Score Distribution
Percent of People with Each Score
Percentile by Number Answered
Your Score History
You have not taken this quiz